The Manor House Coverness (Record no. 3439)

MARC details
000 -LEADER
fixed length control field 00384nam a22001457a 4500
008 - FIXED-LENGTH DATA ELEMENTS--GENERAL INFORMATION
fixed length control field 250513b |||||||| |||| 00| 0 eng d
020 ## - INTERNATIONAL STANDARD BOOK NUMBER
ISBN 9781785304989
100 ## - MAIN ENTRY--AUTHOR
Author Castle, C. A
245 ## - TITLE STATEMENT
Title The Manor House Coverness
260 ## - PUBLICATION, DISTRIBUTION, ETC. (IMPRINT)
Place of publication London
Name of publisher Black And White
Date of publication 2023
300 ## - COLLATION
Pagination 313p.
650 ## - TRACINGS
Main Subject Gender Identity-Fiction
Subdivision (1st) Manors-Fiction
942 ## - ADDED ENTRY ELEMENTS (KOHA)
Item type Books
050 ## - LIBRARY OF CONGRESS CALL NUMBER
Classification number PR6103.A888
Item number .M36
Holdings
Source of classification or shelving scheme Not for loan Permanent location Current location Date acquired Accession No. Full call number Barcode. Copy number Koha item type
Library of Congress Classification   Samuel Ogbemudia Main Library, University of Abuja Samuel Ogbemudia Main Library, University of Abuja 05/13/2025 2024/63919 PR6103.A888.M36 2025-1905 1 Books